000 00737nam1a22002171i 4500
001 rc\3041583
005 20260407073408.0
035 _a(NLR Aleph) 007181782
090 _a7448801
_c7448801
100 _a20111006d1940 |||y0rusy50 ca
101 0 _arus
102 _aRU
105 _ay z |||||
200 1 _aПамятники культуры и искусства в собраниях Эрмитажа
_e1-
_fГос. Эрмитаж
210 _aМосква
_aЛенинград
_cИзд-во Акад. наук СССР
_d1940
215 _d31 см
710 0 2 _aЭрмитаж
_cЛенинград
_3RU\NLR\AUTH\883314
_9277858
801 0 _aRU
_bNLR
_gpsbo
801 1 _aRU
_bELAR
_2rusmarc
852 _aNLR
_jИс10 В-7/1(1)
942 _cBOOK